El desarrollo agrario argentino /
Guardado en:
| Autor Principal: | |
|---|---|
| Formato: | Libro |
| Publicado: |
Buenos Aires :
Eudeba,
1964
|
| Series: | Biblioteca De America / Libros
|
| Materias: | |
| Etiquetas: |
Agregar Etiqueta
Sin Etiquetas, Sea el primero en etiquetar este registro!
|
| LEADER | 00594nam a22001935a 4500 | ||
|---|---|---|---|
| 001 | EHU.bham024355 | ||
| 003 | AR-BHAM | ||
| 005 | 20130507143026.0 | ||
| 008 | 130507s1964##################000#0#####d | ||
| 082 | 3 | 3 | |a 330.982 |
| 100 | 1 | |a Giberti, Horacio C. | |
| 245 | 1 | 0 | |a El desarrollo agrario argentino / |c Horacio C. Giberti |
| 260 | |a Buenos Aires : |b Eudeba, |c 1964 | ||
| 300 | |a 95 p. | ||
| 490 | 0 | |a Biblioteca De America / Libros | |
| 653 | |a Donacion lejarraga | ||
| 653 | |a Agricultura-historia de la | ||
| 653 | |a Economia argentina | ||
| 859 | |a AR-BHAM |b BIB. HUMANIDADES - General |h 330.982 |i G355 |p 127.02 |t Ej.1 | ||
